Normal view
MARC view
Entry Nome pessoal
001 - NÚMERO DE CONTROLE
- campo de controle: 1012
003 - IDENTIFICADOR DO NÚMERO DE CONTROLE
- campo de controle: Br
005 - DATA E HORÁRIO DA ÚLTIMA TRANSAÇÃO
- campo de controle: 20250902081457.0
008 - CAMPO DE DADOS FIXOS
- campo de controle de tamanho fixo: 981019|| acnnnaab| aaaa d
035 ## - NÚMERO DE CONTROLE DO SISTEMA
- Número de Controle do Sistema: 98101913024420E10
040 ## - FONTE DA CATALOGAÇÃO
- Instituição da catalogação original: Br
- Instituição que transcreveu o registro: Br
100 1# - CABEÇALHO--NOME PESSOAL
- Nome pessoal: Arnold, Nick.
670 ## - FONTE POSITIVA DOS DADOS
- Citação da fonte positiva dos dados: Autor de: Sangue, ossos e pedacinhos. [1997]
670 ## - FONTE POSITIVA DOS DADOS
- Citação da fonte positiva dos dados: LC on line 07/10/98
675 ## - FONTE NEGATIVA DOS DADOS
- Citação da fonte positiva dos dados: CA-FGV